Statistiques concernant Culture Générale - Série 1021

Cliquez ici pour prendre le quiz!

Statistiques générales

  • Ce quiz a été pris 62 fois
  • Le résultat moyen est 5 sur 10

Statistiques - réponses

QuestionRéponse% Correct
Comment appelle-t-on la personne qui a peur des grands espaces et des lieux publics ?agoraphobe
81%
Dans quel pays d'Amérique du Nord se trouve la ville de Tepic ?Mexique
71%
Quel est le prénom du célèbre styliste italien Armani ?Giorgio
66%
Dans quel bassin ostréicole utilise-t-on le bateau appelé pinasse ou pinassote ?Arcachon
60%
Quel est le prénom de l'actrice française nommée Atika, qui a joué notamment dans "La vérité si je mens" ?Aure
55%
Une canadienne est un vêtement, mais aussi une ...tente
53%
Quel mot rimant avec nocif se rapporte à une banalité, parole ou fait sans grand intérêt, généralité, idée reçue, lieu commun ?poncif
40%
Dans quel département français se trouve la commune d'Alet les Bains ?Aude
14%
De quel pays africain Léon Mba a-t-il été le premier président de la République de 1961 à 1967 ?Gabon
14%
Quel est le titre du film, portant un prénom féminin, réalisé en 1934 par Marcel Pagnol, réunissant Fernandel et Orane Demazis ?Angèle
12%

Distribution des résultats

Percentile par nombre de réponses

% des personnes avec chaque résultat

Votre développement - résultats

Vous n’avez pas pris ce quiz